SOCIAL & POLITICAL LIFE-1 TEXT BOOK FOR CLASS VI (Record no. 12737)

MARC details
000 -LEADER
fixed length control field 00304nam a22001337a 4500
003 - CONTROL NUMBER IDENTIFIER
control field SGT
082 ## - DEWEY DECIMAL CLASSIFICATION NUMBER
Classification number 370
Item number S11N
100 ## - MAIN ENTRY--PERSONAL NAME
Personal name N.C.E.R.T.
245 ## - TITLE STATEMENT
Title SOCIAL & POLITICAL LIFE-1 TEXT BOOK FOR CLASS VI
260 ## - PUBLICATION, DISTRIBUTION, ETC. (IMPRINT)
Place of publication, distribution, etc NEW DELHI
Name of publisher, distributor, etc NCERT PUB
Year of Publication 2011
300 ## - PAGE DESCRIPTION
No. of Pages 85
650 ## - SUBJECT ADDED ENTRY--TOPICAL TERM
Topical term or geographic name as entry element EDUCATION
942 ## - ADDED ENTRY ELEMENTS (KOHA)
Source of classification or shelving scheme Dewey Decimal Classification
Koha item type Books
942 ## - ADDED ENTRY ELEMENTS (KOHA)
-- 1
Holdings
Withdrawn status Lost status Source of classification or shelving scheme Damaged status Not for loan Collection code Home library Current library Shelving location Date acquired Vendor Name Cost, normal purchase price SGTU Bill Number Total Checkouts Full call number Accession No. (Barcode) Date last seen Date last borrowed Bill Date Koha item type
    Dewey Decimal Classification     EDUCATION SGT Engineering Library SGT Engineering Library Text Book 25/07/2017 INDIAN PUB 30.00 SGTU 102 8 370 S11N ED3176 20/02/2020 06/02/2020 22/11/2016 Books
    Dewey Decimal Classification     EDUCATION SGT Engineering Library SGT Engineering Library Text Book 25/07/2017 INDIAN PUB 30.00 SGTU 102 13 370 S11N ED3177 29/11/2022 17/11/2022 22/11/2016 Books